000
002560000a22001210004500
041
0
_a
ENG
082
0
4
_a
AV 0097
245
1
0
_a
Theological education : Teaching the biblical languages
300
_a
515 Pag
500
_a
Folleto
001
13495
942
_c
BK
999
_c
42455
_d
42455